000 01018nam a2200313 a 4500
001 22701
003 BD-RjUL
005 20211209000835.0
008 140309s1968 ii b 001 0 eng d
035 _a(BD-RjUL)22766
040 _aWASSH
_beng
_cWASSH
_dXSC
_dBD-RjUL
041 _aeng
082 0 4 _a364
_bSUP 1968
100 1 _aSutherland, Edwin H.
_q(Edwin Hardin),
_d1883-1950.
_915211
245 1 0 _aPrinciples of criminology /
_cby Edwin H. Sutherland and Donald R. Cressey.
250 _a6th ed.
260 _aBombay :
_bThe Times of India Press,
_c1968.
300 _a646 p. ;
_c24 cm.
500 _aFirst published in 1924 under title: Criminology.
504 _aIncludes bibliography and index.
650 0 _aCriminology.
_970033
650 0 _aCriminal psychology.
_915011
650 0 _aPunishment.
_970034
650 0 _aPrisons.
_970035
650 0 _aPrisons
_zUnited States.
_918614
700 1 _aCressey, Donald R.
_q(Donald Ray),
_d1919-
_970036
942 _2ddc
_cBK
_02
999 _c22701
_d22701